000 01127cad a22002175a 4500
001 L156620
008 120614s2012 xxk f 000 0 eng d
035 _a(Sirsi) u156620
041 0 _aeng
110 2 _aKnight Frank
_91530
245 0 0 _aEurozone wrangling burnishes London's lustre
_h[electronic resource]
260 _aLondon
_cKnight Frank
_b2012
490 0 _aKnight Frank UK Residential Market Update
_vJune 2012
520 _aPrime central London prices rose by 0.7% in May and were up 10.7% year on year. Average UK house prices rose by 0.3% in May down 0.7% on an annual basis. Rents in prime Central London fell by 0.3% in May. Fear over the fate of the Eurozone is affecting economic confidence in the UK and around the world. Eurozone investors are continuing to regard prime London property as a safe haven, boosting prices.
590 _aKA
650 2 4 _aKNIGHT FRANK UK RESIDENTIAL MARKET UPDATE
651 4 _aUNITED KINGDOM
690 _aResidential property
_96266
856 4 0 _uhttps://knightfrank.com/research/
_zView the item free of charge under research at knightfrank.com/research
942 _n0
999 _c114325
_d114325